| 000 | 00926nam a2200265 i 4500 | ||
|---|---|---|---|
| 001 | 175410 | ||
| 003 | ES-MaACL | ||
| 005 | 20231207063038.0 | ||
| 007 | t| | ||
| 008 | 101027s1973 sp o r ||||1| spa d | ||
| 020 | _a84-369-0293-9 | ||
| 080 | _a73 Ferrant, Ángel | ||
| 080 | _a929 Ferrant, Ángel | ||
| 100 | 1 |
_aRomero Escassi, José, _d1914-1994 _999389 |
|
| 245 | 1 | 0 |
_aÁngel Ferrant / _cJosé Romero Escassi. |
| 260 |
_a[Madrid : _bDirección General de Bellas Artes, _c1973] |
||
| 300 |
_a102 p. : _bfot. col. y n. ; _c17 cm. |
||
| 490 | 1 |
_aArtistas españoles contemporáneos. Escultores ; _v64 |
|
| 504 | _aBibliografía: p. 101-102. | ||
| 600 | 1 | 4 |
_aFerrant, Angel. _950293 |
| 710 | 1 |
_aEspaña. _bDirección General de Bellas Artes. _93704 |
|
| 830 | 0 |
_aArtistas españoles contemporáneos. Escultores ; _v64 _9189662 |
|
| 852 |
_aES-MaACL _j2261-F-64 _xOlim P-1916 |
||
| 999 |
_c175410 _d175410 |
||